000 04797ncm0a2200493 4500
001 RU\NLR\ONIZ\216827
005 20250626062356.0
021 _aRU
_b01-291
_901-15
035 _a(NLR Aleph) 011414344
090 _a11575166
_c11575166
100 _a20170323d2001 |||y0rusy50 ca
101 0 _arus
102 _aRU
125 _aax
145 0 _ab
200 1 _aНачинающему органисту
_bНоты
_fсост. и ред. С. Диденко
210 _aМосква
_cТороповъ
_d2001
215 _a20
_cил.
_d21х29 см
327 1 _a1-2. Токката : ля мин. ;
_aКанцона : До маж. / Дж. Фрескобальди.
_a3-4. Хоральная вариация : ля мин. ;
_aЧакона : фа мин. / И. Пахельбель.
_a5-11. Прелюдия : До маж. : BWV 567 ;
_aPedalexercitium : соль мин. : BWV 598 ;
_aПрелюдия : До маж. : BWV 943 ;
_aПрелюдия : Соль маж. : BWV 568 ;
_aФуга : соль мин. : BWV 578 ;
_aPastorella : Фа маж. : BWV 590 ;
_aХоральные прелюдии: BWV 643 (Соль маж.), BWV 721 (си мин.), BWV 727 (си мин.) / И. С. Бах
464 0 _12001#$aТокката$eля мин.$fДж. Фрескобальди
_1701#1$9z01790$aФрескобальди$bД.$gДжироламо$f1583-1643$4230$7ca
_1790#1$9z01701$aFrescobaldi$bG.$gGirolamo$f1583-1643$4230$7ba
_tТокката
464 0 _12001#$aКанцона$eДо маж.$fДж. Фрескобальди
_1701#1$9z01790$aФрескобальди$bД.$gДжироламо$f1583-1643$4070$7ca
_1790#1$9z01701$aFrescobaldi$bG.$gGirolamo$f1583-1643$4070$7ba
_tКанцона
464 0 _12001#$aХоральная вариация$eля мин.$fИ. Пахельбель
_1701#1$9z01790$aПахельбель$bИ.$gИоганн$f1653-1706$4230
_1790#1$9z01701$aPachelbel$bJ.$gJohann$f1653-1706$4230
_tХоральная вариация
464 0 _12001#$aЧакона$eфа мин.$fИ. Пахельбель
_1701#1$9z01790$aПахельбель$bИ.$gИоганн$f1653-1706$4070
_1790#1$9z01701$aPachelbel$bJ.$gJohann$f1653-1706$4070
_tЧакона
464 0 _12001#$aПрелюдия$eДо маж.$eBWV 567$fИ. С. Бах
_1701#1$9z01790$aБах$bИ. С.$gИоганн Себастьян$f1685-1750$4070$7ca
_1790#1$9z01701$aBach$bJ. S.$gJohann Sebastian$f1685-1750$4070$7ba
_tПрелюдия
464 0 _12001#$aPedalexercitium$eсоль мин.$eBWV 598$fИ. С. Бах
_1701#1$9z01790$aБах$bИ. С.$gИоганн Себастьян$f1685-1750$4230$7ca
_1790#1$9z01701$aBach$bJ. S.$gJohann Sebastian$f1685-1750$4230$7ba
_tPedalexercitium
464 0 _12001#$aПрелюдия$eДо маж.$eBWV 943$fИ. С. Бах
_1701#1$9z01790$aБах$bИ. С.$gИоганн Себастьян$f1685-1750$4230$7ca
_1790#1$9z01701$aBach$bJ. S.$gJohann Sebastian$f1685-1750$4230$7ba
_tПрелюдия
464 0 _12001#$aПрелюдия$eСоль маж.$eBWV 568$fИ. С. Бах
_1701#1$9z01790$aБах$bИ. С.$gИоганн Себастьян$f1685-1750$4230$7ca
_1790#1$9z01701$aBach$bJ. S.$gJohann Sebastian$f1685-1750$4230$7ba
_tПрелюдия
464 0 _12001#$aФуга$eсоль мин.$eBWV 578$fИ. С. Бах
_1701#1$9z01790$aБах$bИ. С.$gИоганн Себастьян$f1685-1750$4230$7ca
_1790#1$9z01701$aBach$bJ. S.$gJohann Sebastian$f1685-1750$4230$7ba
_tФуга
464 0 _12001#$aPastorella$eФа маж.$eBWV 590$fИ. С. Бах
_1701#1$9z01790$aБах$bИ. С.$gИоганн Себастьян$f1685-1750$4230$7ca
_1790#1$9z01701$aBach$bJ. S.$gJohann Sebastian$f1685-1750$4230$7ba
_tPastorella
464 0 _12001#$aAlle Menschen müssen sterben$eсоль мин.$eBWV 643$aErbarm dich mein, o Herre Gott$eси мин.$eBWV 721$aHerzlich tut mich verlangen$eси мин.$eBWV 727$fИ. С. Бах
_150000$aХоральные прелюдии для органа (3)$bНоты$sBWV 643$sBWV 721$sBWV 727$rорган
_1701#1$9z01790$aБах$bИ. С.$gИоганн Себастьян$f1685-1750$4230$7ca
_1790#1$9z01701$aBach$bJ. S.$gJohann Sebastian$f1685-1750$4230$7ba
_tHerzlich tut mich verlangen
606 1 _aОрганные пьесы для начинающих
_jНоты
_2nlr_sh
686 _aЩ954.3-045я43(3)
_vLBC/SL
_2rubbk
686 _aЩ954.398я43(3)
_vLBC/SL
_2rubbk
702 1 _9z01790
_aДиденко
_bС. В.
_f1944-
_gСергей Владимирович
_4340
_7ca
790 1 _9z01702
_aDidenko
_bS. V.
_f1944-
_gSergej Vladimirovič
_4340
_7ba
801 0 _aRU
_bNLR
_c20170323
_gPSBO
801 1 _aRU
_bNLR
_c20170323
_2rusmarc
801 2 _aRU
_bNLR
_c20190630
852 _aNLR
_bМ
_jК-3/23892
_pМОЭ 2001-15/291
_t1
852 _aNLR
_bМ
_jК-3/23892а
_pМОЭ 2001-15/291а
_t2
942 _cSCORE
980 _aNB
980 _aONIZ